Guess the Random Football Club by the Logo - Statistics

General Stats
  • This quiz has been taken 1,143 times
    493 since last reset
  • The average score is 11 of 20
Answer Stats
Picture Answer % Correct
Aalborg
100%
AC Milan
100%
Ajaccio
100%
Ajax Amsterdam
100%
Al Nassr
100%
Arsenal
100%
AS Monaco
100%
Aston Villa
100%
Athletic Bilbao
100%
Atletico Madrid
100%
Bastia
100%
Bayern Munich
100%
Birmingham
100%
Boca Juniors
100%
Bologna
100%
Borrussia Monchengladbach
100%
Brentford
100%
Brest
100%
Brighton & Hove Albion
100%
Brøndby
100%
Cardiff City
100%
Celtic
100%
Charlton Athletic
100%
Colorado Rapids
100%
Como
100%
Corinthians
100%
Crvena zvezda
100%
Everton
100%
Fiorentina
100%
Freiburg
100%
Fulham
100%
Galatasaray
100%
Gent
100%
Koln
100%
Lecce
100%
Legia Warsaw
100%
Leicester City
100%
Levante
100%
Lille
100%
Lorient
100%
Lugano
100%
Lyon
100%
Manchester City
100%
Manchester United
100%
Marseille
100%
Nantes
100%
Newcastle United
100%
Norwich City
100%
Nottingham Forest
100%
Olympiacos
100%
Osasuna
100%
PAOK
100%
Plymouth Argyle
100%
Portsmouth
100%
PSG
100%
PSV Eindhoven
100%
Rangers
100%
Reading
100%
Real Betis
100%
Real Madrid
100%
Real Sociedad
100%
River Plate
100%
Sarajevo
100%
Sassuolo
100%
Seattle Souders
100%
Sevilla
100%
Sheffield United
100%
Slovan Bratislava
100%
Spartak Moscow
100%
Stoke City
100%
Sturm Graz
100%
Swansea City
100%
Toronto
100%
Tottenham Hotspur
100%
Troyes
100%
Udinese
100%
Valencia
100%
Vasco da Gama
100%
Villarreal
100%
Watford
100%
Werder Bremen
100%
West Ham United
100%
Wycombe
100%
Ipswich Town
92%
Sampdoria
92%
Girona
91%
Bochum
90%
Dinamo Zagreb
90%
Maccabi Tel-Aviv
90%
Crystal Palace
89%
Dynamo Kyiv
89%
Bordeaux
88%
Copenhagen
88%
Empoli
88%
Nice
88%
Basel
86%
Juventus
86%
Liverpool
86%
Metz
86%
Rayo Vallecano
86%
Sunderland
86%
Trabzonspor
86%
Twente
86%
Atlanta United
83%
Bristol City
83%
Chelsea
83%
Chicago Fire
83%
Eintracht Frankfurt
83%
Espanyol Barcelona
83%
Ferencvaros
83%
Getafe
83%
Hull City
83%
Leeds United
83%
Southampton
83%
Sparta Prague
83%
Sporting Portugal
83%
AEK Athens
80%
AS Roma
80%
Benfica
80%
Blackburn Rovers
80%
Bodø/Glimt
80%
Braga
80%
Cagliari
80%
Colo Colo
80%
Grenada
80%
Hertha Berlin
80%
Houston
80%
LA Galaxy
80%
Maccabi Haïfa
80%
Middlesbrough
80%
Monza
80%
Partizan
80%
Penarol
80%
Portland Timbers
80%
Rapid Wien
80%
Slavia Prague
80%
Venezia
80%
Vitesse Arnhem
80%
Wrexham
80%
Coventry City
78%
Strasbourg
78%
Mallorca
77%
Al-Hilal
75%
Auxerre
75%
Bayer Leverkusen
75%
Borrussia Dortmund
75%
CFR Cluj
75%
Deportivo Alavés
75%
Esperance Tunis
75%
FCSB
75%
Flamengo
75%
Genoa
75%
Istanbul Başakşehir
75%
Lech Poznan
75%
Lokomotiv Moscow
75%
Malmö
75%
Mamelodi Sundowns
75%
Montpellier
75%
Montréal
75%
Napoli
75%
Nuremberg
75%
Oxford United
75%
Palmeiras
75%
Sheriff Tirabsol
75%
Stuttgart
75%
Wolfsburg
75%
Boavista
71%
Djurgarden
71%
Guingamp
71%
Hajduk Split
71%
LASK
71%
Luton Town
71%
RB Leipzig
71%
St Pauli
71%
Torino
71%
Toulouse
71%
Feyenoord
70%
Al-Ahli
67%
APOEL Nicosia
67%
Astana
67%
Atalanta Bergame
67%
Atlético Mineiro
67%
Augsburg
67%
Barcelona
67%
Bolton Wanderers
67%
Burnley
67%
Celta Vigo
67%
Cremonese
67%
Dynamo Moscow
67%
Elfsborg
67%
Fluminense
67%
Fortuna Dusseldorf
67%
Grêmio
67%
Hanover 96
67%
Heerenveen
67%
Hoffenheim
67%
Huddersfield
67%
Huracan
67%
Inter
67%
Inter Miami
67%
Kaiserslautern
67%
Karlsruher
67%
Lazio
67%
Lens
67%
Los Angeles
67%
Málaga
67%
Milton Keynes Dons
67%
Molde
67%
Monterrey
67%
New York City
67%
Orlando City
67%
Porto
67%
Racing Club
67%
Real Salt Lake
67%
Rennes
67%
Sao Paulo
67%
Shamrock Rovers
67%
Sydney
67%
Union Saint-Gilloise
67%
Willem II
67%
Young Boys
67%
Hellas Verona
63%
Queens Park Rangers
63%
Salernitana
63%
Wolverhampton Wanderers
63%
Adelaide United
60%
Al Ittihad
60%
Andorra
60%
Austin
60%
Besiktas
60%
Den Haag
60%
Derby County
60%
Eibar
60%
Hamburger
60%
Heidenheim
60%
Magdeburg
60%
New York RB
60%
AZ Alkmaar
57%
Clermont
57%
Club América
57%
Fortuna Sittard
57%
Go Ahead Eagles
57%
Nashville
57%
Peterborough
57%
Shakhtar Donetsk
57%
Almería
56%
Bournemouth
56%
Leganés
56%
Luzern
56%
1860 Munich
50%
Aberdeen
50%
Al Ahly
50%
Al-Aïn
50%
Albacete
50%
Anderlecht
50%
Arminia Bielefeld
50%
Auckland City
50%
Caen
50%
Cercle Brugge
50%
Cincinnati
50%
Cruzeiro
50%
CSKA Moscow
50%
Dallas
50%
Darmstadt
50%
DC United
50%
Dnipro-1
50%
Dundee United
50%
Dynamo Tbilissi
50%
Elche
50%
Fenerbahçe
50%
Fortaleza
50%
Genk
50%
Hibernian
50%
Internacional
50%
Mainz 05
50%
Mechelen
50%
Newell's Old Boys
50%
Palermo
50%
Paris
50%
Parma
50%
Preston North End
50%
Pro Vercelli
50%
Pumas
50%
Qarabag
50%
Real Zaragoza
50%
Reims
50%
Rotherham
50%
Schalke O4
50%
Sheffield Wednesday
50%
Sivasspor
50%
Standard Liège
50%
St Mirren
50%
Vissel Kobe
50%
Vitória de Guimarães
50%
Botafogo
44%
Dundee
44%
Real Oviedo
44%
Wolfsberg
44%
Atlético Nacional
43%
Dynamo Minsk
43%
Millwall
43%
Motherwell
43%
Panathinaïkos
43%
Union Berlin
43%
Zorya Luhansk
43%
Antalyaspor
40%
Barnsley
40%
Club Brugge
40%
Frosinone
40%
Huesca
40%
Lanus
40%
Las Palmas
40%
Rosenborg
40%
Rostov
40%
San Lorenzo
40%
Tenerife
40%
Tigres
40%
Union Philadelphia
40%
Westerlo
40%
Accrington Stanley
38%
Angers
38%
CSKA Sofia
38%
Gil Vicente
38%
Grasshopper
38%
Real Valladolid
38%
Royal Antwerp
38%
Santa Clara
38%
Servette
38%
AEK Larnaca
33%
AFG Aarhus
33%
AIK
33%
Arouca
33%
Blackpool
33%
Brescia
33%
Charleroi
33%
Club Libertad
33%
Cukaricki
33%
Deportivo Cali
33%
Dijon
33%
Gornik Zabrze
33%
Greuter Furth
33%
Groningen
33%
Independiente
33%
Lugo
33%
Maribor
33%
Millionarios
33%
Moreirense
33%
Raja Casablanca
33%
Raków Częstochowa
33%
Saint-Etienne
33%
Sparta Rotterdam
33%
Sporting Kansas City
33%
St. Gallen
33%
Viktoria Plzen
33%
West Bromwich Albion
33%
Zürich
33%
Columbus Crew
30%
Linfield
30%
Cracovia
29%
Göteborg
29%
JS Kabylie
29%
Rubin Kazan
29%
Melbourne Victory
27%
Paderborn
27%
Slovan Liberec
27%
Atlas
25%
Backa Topola
25%
Barcelona SC
25%
Bari
25%
Benevento
25%
Bolivar
25%
Deportivo de La Coruña
25%
Dynamo Dresden
25%
Eintracht Braunschweig
25%
Guadalajara
25%
Hacken
25%
Heracles Almelo
25%
Independiente del Valle
25%
Junior
25%
Kaiser Chiefs
25%
Kawasaki Frontale
25%
Kortrijk
25%
Lausanne
25%
Lillestrom
25%
Ludogorets
25%
Orlando Pirates
25%
Racing Santander
25%
RFS
25%
Rosario Central
25%
Salzburg
25%
Santos
25%
Sochi
25%
Utrecht
25%
Vaduz
25%
Vélez
25%
Whitecaps Vancouver
25%
Wigan Athletic
25%
Zenit Saint Petersburg
25%
Zrinjski Mostar
25%
Derry City
22%
Spezia
22%
Amiens
20%
Apollon Limassol
20%
Argentinos Juniors
20%
Austria Wien
20%
Bate Borisov
20%
Canon Yaoundé
20%
Midtjylland
20%
Mumbai City
20%
NEC Nijmegen
20%
Nordsjælland
20%
Puskas Akademia
20%
Rio Ave
20%
The New Saints
20%
Valur Reykjavik
20%
Holsten Kiel
18%
Alanyaspor
17%
Beijing Guoan
17%
Cadiz
17%
Cruz Azul
17%
Deportivo Saprissa
17%
Hammarby
17%
Kashima Antlers
17%
Lincoln Red Imps
17%
Modena
17%
New England
17%
Saint-Louis
17%
Sion
17%
Athletico Paranaense
14%
Krasnodar
14%
Sigma Olomouc
14%
Urawa Red Diamonds
14%
Vikingur Reykjavik
14%
ARIS Limassol
11%
Adana Demirspor
0%
Al-Saad
0%
Aris Thessaloniki
0%
ASEC Mimosas
0%
Bahia
0%
Ballkani
0%
Banik Ostrava
0%
Breiðablik
0%
Central Coast Mariners
0%
Cerro Porteno
0%
Chapecoense
0%
Charlotte
0%
Club León
0%
Crotone
0%
Enyimba
0%
ES Sahel
0%
ES Sétif
0%
Estoril Praia
0%
Estudiantes de la Plata
0%
Famalicao
0%
Hafia
0%
Hapoel Beer Sheva
0%
Heart of Midlothian
0%
Hearts of Oak
0%
HJK Helsinki
0%
Ibiza
0%
Jablonec
0%
Jeonbuk Hyundai Motors
0%
Kilmarnock
0%
Klaksvik
0%
Konyaspor
0%
LDU Quito
0%
Le Havre
0%
Minnesota United
0%
MTK Budapest
0%
Nacional
0%
Necaxa
0%
Norrköping
0%
Notts County
0%
OHL
0%
Olimpia
0%
Olimpija Ljubjana
0%
Omonia
0%
Osijek
0%
Pachuca
0%
PEC Zwolle
0%
Pohang Steelers
0%
Rijeka
0%
Ross County
0%
San José Earthquakes
0%
Seongnam
0%
Seoul
0%
Shangai Port
0%
SPAL
0%
Sporting Gijón
0%
Strømsgodset
0%
St. Truiden
0%
TP Mazembe
0%
Ulsan Hyundai
0%
Vålerenga
0%
Valletta
0%
Wimbledon
0%
Wydad Casablanca
0%
Yokohama F. Marinos
0%
Zamalek
0%
Zulte Waregem
0%
No matching quizzes found
Score Distribution
Percent of People with Each Score
Percentile by Number Answered
Your Score History
You have not taken this quiz since the last reset